| 000 | 01022nam a22002417a 4500 | ||
|---|---|---|---|
| 999 |
_c21144 _d21144 |
||
| 003 | AR-CdUCM | ||
| 008 | 190307b ||||| |||| 00| 0 spa d | ||
| 040 |
_aMUNICIPALIDAD PROVINCIAL DEL CUSCO _cBIBLIOTECA MUNICIPAL DEL CUSCO |
||
| 082 |
_a279.85 / C24 _bC24 |
||
| 100 |
_aCampos, Javier _910016 |
||
| 245 |
_aCuzco a comienzos del siglo XIX : _bIglesia y revolución / _cJavier Campos y Fernández de Sevilla |
||
| 260 |
_aCusco : _bSanta Lucía, _c2017. |
||
| 300 |
_a126 páginas ; _bilustraciones en color, _c20x23 cm. |
||
| 505 | _aContenido: Don José Pérez y Armendáriz (1806/1807-1815/1819) -- Centros de enseñanza superior -- La sucesión en la mitra de Cuzco -- Don José Calixto de Orihuela, OSA (1819/1821-1826/1841) -- Apéndice. | ||
| 650 |
_aIglesia Católica _93151 |
||
| 650 |
_aHistoria _944151 |
||
| 650 |
_aHistoria del Cusco _91714 |
||
| 650 |
_aHistoria eclesiástica _942856 |
||
| 650 |
_aPerú _944152 |
||
| 710 |
_aArzobispado del Cusco _944153 |
||
| 942 |
_2ddc _cLIBROS |
||
| 945 | _aRoel | ||